Potenciar la capacidad de aprender y pensar: modelos mentales y técnicas de aprendizaje-enseñanza
সংরক্ষণ করুন:
| প্রধান লেখক: | , , |
|---|---|
| বিন্যাস: | গ্রন্থ |
| ভাষা: | স্প্যানিশ |
| প্রকাশিত: |
Madrid
Narcea
1999
|
| মালা: | Educación Hoy
|
| বিষয়গুলি: | |
| ট্যাগগুলো: |
ট্যাগ যুক্ত করুন
কোনো ট্যাগ নেই, প্রথমজন হিসাবে ট্যাগ করুন!
|
MARC
| LEADER | 00000cam a2200000 a 4500 | ||
|---|---|---|---|
| 001 | UCN2865 | ||
| 003 | CL-VaPUC | ||
| 008 | 010608e19990000SP |||||||||||||||||spa|d | ||
| 020 | |a 8427712987 | ||
| 082 | 0 | 4 | |a 370.152 |b ONT |2 21 |
| 100 | |a Ontoria Peña, Antonio |e autor |9 381454 | ||
| 700 | |a Gómez, Juan Pedro R |e author |9 552751 | ||
| 700 | 0 | |a Molina Rubio, Ana |e author |9 459087 | |
| 245 | 1 | 0 | |a Potenciar la capacidad de aprender y pensar: modelos mentales y técnicas de aprendizaje-enseñanza |
| 300 | |a 189 p | ||
| 942 | |c BK | ||
| 945 | |d 20010608 00:00:00 |a cmena | ||
| 260 | |a Madrid |b Narcea |c 1999 | ||
| 650 | 0 | |a Psicología educacional |9 307830 | |
| 650 | 0 | |a Rol del docente |9 329733 | |
| 650 | 0 | |a Desarrollo individual |9 307875 | |
| 650 | 0 | |a Cognición |9 270347 | |
| 650 | 0 | |a Razonamiento |9 256520 | |
| 650 | 0 | |a Procesos mentales superiores |9 330839 | |
| 650 | 7 | |a MODELOS MENTALES |2 CL-VaPUC |9 459088 | |
| 650 | 0 | |a Métodos de enseñanza |9 270413 | |
| 583 | |a last modification |c 20131018 06:14:03 |k Rodrigo Vera | ||
| 490 | 0 | |a Educación Hoy | |
| 999 | |c 295885 |d 295883 | ||
| 952 | |0 0 |1 0 |4 0 |6 370_152000000000000_ONT_1999 |7 0 |8 A |9 349309 |a BIBEDU |b BIBEDU |d 2019-11-20 |i 3697835 |o 370.152 ONT 1999 |p 3697835 |r 2019-11-20 |w 2019-11-20 |y BK |k EPE | ||
| 952 | |0 0 |1 0 |3 erb |4 0 |6 370_152000000000000_ONT_1999 |7 0 |8 A |9 349310 |a BIBTEO |b BIBTEO |d 2019-11-20 |i 5023262 |o 370.152 ONT 1999 |p 5023262 |r 2025-01-17 |w 2019-11-20 |y BK |z Catalogado en:20131025 |k ICR | ||